| 000 | 00683ntaaa2200205 4500 | ||
|---|---|---|---|
| 003 | 01 | ||
| 005 | 20251027202710.0 | ||
| 008 | 0714s1973 ag 01 | ||
| 040 |
_aAR-BaBN _bspa _cAR-BaBN _eaacr _dRIC |
||
| 082 | _a492.4600 C66 | ||
| 100 |
_aCohen Fernández, Abraham _926681 |
||
| 245 | _aNuevo diccionario Hebreo-Español | ||
| 250 | _a1 ed. | ||
| 260 |
_aBototá : _bComunidad Hebrea Sefardí de Bogotá, _cc1956 |
||
| 300 | _a672 p | ||
| 500 | _aContiene las palabras de la Biblia, la literatura medieval, contemporánea y moderna, el tirual de oraciones y neologismos.Hay 1 ejemplar en R. | ||
| 650 | _adiccionario hebreo-español | ||
| 650 | _aHebreo-Español | ||
| 942 | _cBK | ||
| 999 |
_c22166 _d22166 |
||